|
|
|
|
| LEADER |
00000nam0a2200000 4500 |
| 001 |
104979 |
| 005 |
20231101214559.0 |
| 020 |
|
|
|a RU
|b 79-79739
|
| 035 |
|
|
|a (RuTPU)RU\TPU\book\113218
|
| 090 |
|
|
|a 104979
|
| 100 |
|
|
|a 20061110d1979 m y0rusy5003 ca
|
| 101 |
0 |
|
|a rus
|
| 102 |
|
|
|a LV
|
| 105 |
|
|
|a a j 000zy
|
| 200 |
1 |
|
|a Радиовысотомер больших высот РВ-25А
|e учебное пособие для вузов
|f А. А. Лешкович
|g Рижский институт инженеров гражданской авиации
|
| 210 |
|
|
|a Рига
|c Риж. ин-т инженеров гражд. авиации
|d 1979
|
| 215 |
|
|
|a 33 с.
|c ил., 1 л. ил.
|d 20 см.
|
| 610 |
1 |
|
|a радиовысотомеры
|
| 610 |
1 |
|
|a радиолокационные высотомеры
|
| 610 |
1 |
|
|a учебные пособия
|
| 610 |
1 |
|
|a радиовысотомеры РВ-25А
|
| 610 |
1 |
|
|a функциональные схемы
|
| 675 |
|
|
|a 629.73.05(075.8)
|z rus
|
| 700 |
|
1 |
|a Лешкович
|b А. А.
|g Антон Антонович
|4 070
|
| 712 |
0 |
2 |
|a Рижский институт инженеров гражданской авиации им. Ленинского комсомола
|2 stltpush
|3 (RuTPU)RU\TPU\col\8524
|9 24545
|
| 801 |
|
0 |
|a RU
|b RuMRKP
|c 19950704
|g psbo
|
| 801 |
|
1 |
|a RU
|b 63413507
|c 20061110
|g PSBO
|
| 801 |
|
2 |
|a RU
|b 63413507
|c 20070319
|g PSBO
|
| 942 |
|
|
|c BK
|